000 00735nam a2200253Ia 4500
003 OSt
005 20220928103052.0
006 a|||||r|||| 00| 0
007 ta
008 220927b |||||||| |||| 00| 0 hin d
020 _c300
024 _a117726
037 _b1890, 08/10/2012, Kiran Book Service
_cTextual
040 _aSDCL
_cSDCL
_bhin
041 _2hin
_ahin
082 _aO152,3N573x, Q2
100 _aShree Gitanjali
_9402045
245 0 _aYahan hathi rehate the.
260 _aNew Delhi
_bRajkamal Prakashan
_c2012
300 _a196p
_ccm.
650 _aHindi
_9391598
942 _hO152,3N573x, Q2
_cTEXL
_2CC
999 _c717887
_d717887